Defect-free buildings A construction manual for quality control and conflict resolution
Eliminate construction mistakes and minimize your exposure to expense and litigation with defect-free buildings. With McGraw-Hill's Defect-Free Buildings, you can rid your projects of these debilitating conflicts and protect your business against the costs, delays, and litigation they create. P...
Saved in:
| Main Author: | |
|---|---|
| Format: | Book |
| Language: | Undetermined |
| Published: |
New York
McGraw-Hill
c2007
|
| Subjects: | |
| Tags: |
Add Tag
No Tags, Be the first to tag this record!
|
| Institutions: | Trung tâm Học liệu Trường Đại học Cần Thơ |
|---|
| LEADER | 01535nam a2200241Ia 4500 | ||
|---|---|---|---|
| 001 | CTU_133493 | ||
| 008 | 210402s9999 xx 000 0 und d | ||
| 020 | |c 1279000 | ||
| 082 | |a 343.7307869 | ||
| 082 | |b M282 | ||
| 100 | |a Mann, Robert S. | ||
| 245 | 0 | |a Defect-free buildings | |
| 245 | 2 | |b A construction manual for quality control and conflict resolution | |
| 245 | 0 | |c Robert S. Mann | |
| 260 | |a New York | ||
| 260 | |b McGraw-Hill | ||
| 260 | |c c2007 | ||
| 520 | |a Eliminate construction mistakes and minimize your exposure to expense and litigation with defect-free buildings. With McGraw-Hill's Defect-Free Buildings, you can rid your projects of these debilitating conflicts and protect your business against the costs, delays, and litigation they create. Packed with easy-to-understand guidelines, protocols, and checklists, this indispensable volume helps you: Determine proper construction methods and costs during planning and bidding; avoid defects in the building stages and enhance quality control; obtain the proper insurance and satisfy underwriting requirements and reduce or eliminate the threat and cost of litigation. | ||
| 650 | |a Construction industry,Construction contracts,Buildings,Ngành xây dựng,Hợp đồng xây dựng,Xây dựng | ||
| 650 | |x Law and legislation,United States,Defects,Pháp luật và pháp chế,Sự hao hụt | ||
| 650 | |z United States,Hoa Kỳ,Hoa Kỳ | ||
| 904 | |i Trọng Hiếu | ||
| 980 | |a Trung tâm Học liệu Trường Đại học Cần Thơ | ||